00853nam a2200229 a 450000100100000000500170001000800410002704000250006804100080009308200180010110000340011924500360015326000310018930000210022050400680024160000340030965000300034365000360037391000370040995201600044699900170060600003499320240301180539.0111024s1964 fr 000 0 fre d aDO-SdBNPbspacBNPHU17afre a335.41bG212k1 aGaraudy, Roger,d1913-96058310aKarl Marx /cpar Roger Garaudy. aParís :bSeghers,c1964. a314 p. ;c16 cm. a"Breve cronología de la vida y obra de Karl Marx": p. 307-31210aMarx, Karl,d1818-1883930439 4aComunismoxHistoria94265 4aComunistasxBiografías960602 aValidado. Control de calidad MFF 001050718MOaGRbGRcHDd2011-10-24iLF1l0o335.41 G212kp34993-10r2020-06-25w2020-06-25y1zBiblioteca Juan Isidro Jiménes GrullónZNo se presta c34484d34484